La Transformación de la cesantía en el marco de ajuste estructural: la nueva propuesta gubernamental /

Guardat en:
Dades bibliogràfiques
Autor principal: Blanco Vado, Mario A.
Format: Text
Matèries:
Etiquetes: Afegir etiqueta
Sense etiquetes, Sigues el primer a etiquetar aquest registre!

MARC

LEADER 00000 a a2200000 04500
001 17135
003
040
100 |a Blanco Vado, Mario A.  
245 |a La Transformación de la cesantía en el marco de ajuste estructural:   |b la nueva propuesta gubernamental /  |c Mario A. Blanco Vado 
650 |a REFORMA SOCIAL  
650 |a LEGISLACION SOCIAL  
650 |a POLITICA SOCIAL  
650 |a POLITICA LABORAL  
650 |a POLITICA DE EMPLEO  
650 |a SEGURIDAD SOCIAL  
650 |a SEGURO DE DESEMPLEO  
650 |a AJUSTE ESTRUCTURAL  
773 |g volumen 7, número 2; páginas 85-118  
999 |c 23363  |d 23363